Statistics for Guess the Xiu Xiu Song from the Opening Lyrics

Click here to take the quiz!

General Stats

  • This quiz has been taken 5 times
  • The average score is 21 of 35

Answer Stats

LyricsSong% Correct
Loner, loner; Right, right; Loner, loner; Right, rightPumpkin Attack on Mommy and Daddy
100%
Black lung got you down tonight; Saving it all for workSuha
100%
One and a-two and a-threeAmargi ve Moo
80%
Sorry I walked away; When you told me what you were scared ofBrooklyn Dodgers
80%
Daniella, don't say "Be tender first"; And don't say "Teach me"Buzz Saw
80%
A witch has come from under the ocean; And with a pointed and sharp fingerDangerous You Shouldn't Be Here
80%
Ants in the rice; Ants in the seaweed; Ants in the kimchiEL Naco
80%
Beat, beat me to death I said it; Beat, beat me to deathGray Death
80%
Oh Yvonne, it's true; But I promised not to say; What went downHomonculus
80%
Reading law at your desk; Praying for your parentsHyunhye's Theme
80%
Little Jizzo; Little sweetest glob; The restrictions is gone; The worries is goneI Luv Abortion
80%
It's a pill and you've got to take it; It's a pill that you've got to takeI Luv The Valley OH!
80%
A tarantula crawled under the bed; It seemed unconcerned, I was hiding in there tooMaybae Baeby
80%
Dad, what was Nigel supposed to do with your body?Mike
80%
Should I treasure the red; Or treasure them light?Muppet Face
80%
You say I'm a loca; Because I am your girlSad Pony Guerrilla Girl
80%
The police showed me a photo; You looked so unlikableStupid in the Dark
80%
Tonight is anything; Goodbye to anything; Outside of anythingWondering
80%
Look at me, nothing bad is going to happen to you againBoy Soprano
60%
Don't let yourself be hurt this time (x2)Falling
60%
Hack off to you, you felt for you; What name for thee other than thee?Forget
60%
I can stop lying; I can stop punching my own faceLittle Panda McElroy
60%
If you say; My dancing is effeminate; I will never dance againMaster of the Bump (Kurt Stumbaugh, I Can Feel the Soil Falling over My Head)
60%
What were you doing there?; So un-anxious to be likedSad Mezcalita
60%
You cut her name into your heart; You burn his name into your armThis Too Shall Pass Away (For Freddy)
60%
Uh-huh, uh-huh, uh-huh, uh-huhNormal Love
40%
It is always night for you here; Your brother was the first boy inside of youBlack Drum Machine
20%
This day is my poop day; 'Cause I'm going in the pottyBlue Frank / Pink Room
20%
Je t'aime the valley OH!Fuzz Gong Fight
20%
It doesn't matter if we all die; Ambition in the back of a black carOne Hundred Years
20%
Nameless; You did this; To yourself; Publicly wild in sorrowPahrump
20%
Barely wear enough; To pad a crutch; Your face is made upQueen of the Losers
20%
Fade cream, all erased; I can't remember who you areScisssssssors
20%
Never had I seen a woman falling down; To the grass courtYou Are Pregnant You, You Are Dead
20%
Poor little head; My mind is not where it belongsEsquerita, Little Richard
0%

Score Distribution

Percentile by Number Answered

Percent of People with Each Score

Your Score History

You have not taken this quiz